10 Most widely spoken languages in the world - Statistics

General Stats
  • This quiz has been taken 236 times
  • The average score is 8 of 10
Answer Stats
Answer % Correct
English
99%
Spanish
97%
French
96%
Chinese
93%
Arabic
86%
Hindi
83%
Russian
83%
Portuguese
77%
Bengali
41%
Indonesian
32%
No matching quizzes found
Score Distribution
Percent of People with Each Score
Percentile by Number Answered
Your Score History
You have not taken this quiz